The Chinese heart in a cognitive perspective (Record no. 3579)
[ view plain ]
| 000 -LEADER | |
|---|---|
| fixed length control field | 01347nam a2200325Ia 4500 |
| 100 1# - MAIN ENTRY--AUTHOR NAME | |
| Personal name | Yu, Ning, |
| 245 14 - TITLE STATEMENT | |
| Title | The Chinese heart in a cognitive perspective |
| 260 ## - PUBLICATION, DISTRIBUTION, ETC. (IMPRINT) | |
| Place of publication | Berlin : |
| Name of publisher | Mouton de Gruyter, |
| Year of publication | c2009. |
| 300 ## - PHYSICAL DESCRIPTION | |
| Number of Pages | ix, 444 p. : |
| Other physical details | ill. |
| 490 1# - SERIES STATEMENT | |
| Series statement | Applications of cognitive linguistics, |
| 650 #0 - SUBJECT ADDED ENTRY--TOPICAL TERM | |
| Topical Term | Xin (The Chinese word) |
| Topical Term | Heart |
| 856 40 - ELECTRONIC LOCATION AND ACCESS | |
| Uniform Resource Identifier | http://site.ebrary.com/lib/rucke/Doc?id=10282680 |
No items available.
